Carregant...
Post-capitalist society/
| Autor principal: | |
|---|---|
| Format: | Printed Book |
| Idioma: | English |
| Publicat: |
Oxon:
Routledge,
2014.
|
| LEADER | 00480nam a22001457a 4500 | ||
|---|---|---|---|
| 008 | 150925b xxu||||| |||| 00| 0 eng d | ||
| 020 | |a 978-0-7506-2025-3 | ||
| 082 | |a 320 DRU/P | ||
| 100 | |a Drucker, Peter F. | ||
| 245 | |a Post-capitalist society/ | ||
| 260 | |a Oxon: |b Routledge, |c 2014. | ||
| 300 | |a 204p. | ||
| 942 | |c BK | ||
| 999 | |c 341742 |d 341742 | ||
| 952 | |0 0 |1 0 |4 0 |6 320_000000000000000_DRU_P |7 0 |9 392217 |a POL |b POL |c ST1 |d 2015-09-25 |i POL2041 |l 0 |o 320 DRU/P |p POL2041 |r 2015-09-25 |w 2018-08-20 |y BK | ||